| Tag |
First Indicator |
Second Indicator |
Subfields |
| LEADER |
00000cam a2200000Ia 4500 |
| 001 |
in00002786488 |
| 005 |
20151202171900.0 |
| 008 |
840627r19791971enka b 001 0 eng d |
| 020 |
|
|
|a 0080160255
|
| 020 |
|
|
|a 9780080160252
|
| 035 |
|
|
|a (OCoLC)ocm10892873
|
| 035 |
|
|
|a (OCoLC)10892873
|
| 040 |
|
|
|a MYG
|c MYG
|d OCL
|d OCLCG
|d DRB
|d OCLCG
|d TXA
|d UtOrBLW
|
| 041 |
1 |
|
|a eng
|h rus
|
| 049 |
|
|
|a TXAM
|
| 050 |
|
4 |
|a QC174.45
|b .B3813
|
| 082 |
0 |
|
|a 530.1/2
|
| 100 |
1 |
|
|a Berestet︠s︡kiĭ, V. B.
|q (Vladimir Borisovich)
|
| 240 |
1 |
0 |
|a Reli︠a︡tivistskai︠a︡ kvantovai︠a︡ teorii︠a︡.
|l English
|
| 245 |
1 |
0 |
|a Relativistic quantum theory /
|c V.B. Berestetskiĭ, E.M. Lifshitz, L.P. Pitaevskiĭ ; translated from the Russian by J.B. Sykes and J.S. Bell.
|
| 264 |
|
1 |
|a Oxford ;
|a New York :
|b Pergamon Press,
|c [1973-79]
|
| 300 |
|
|
|a 2 volumes (xv, 616 pages) :
|b illustrations ;
|c 26 cm.
|
| 336 |
|
|
|a text
|b txt
|2 rdacontent
|
| 337 |
|
|
|a unmediated
|b n
|2 rdamedia
|
| 338 |
|
|
|a volume
|b nc
|2 rdacarrier
|
| 490 |
1 |
|
|a Course of theoretical physics ;
|v v. 4
|
| 500 |
|
|
|a Pt. 2 by E.M. Lifshitz and L.P. Pitaevskiĭ.
|
| 500 |
|
|
|a Translation of Reli︠a︡tivistskai︠a︡ kvantovai︠a︡ teorii︠a︡ (romanized form)
|
| 504 |
|
|
|a Includes bibliographical references.
|
| 650 |
|
0 |
|a Quantum field theory.
|
| 700 |
1 |
|
|a Lifshit︠s︡, E. M.
|q (Evgeniĭ Mikhaĭlovich),
|e author.
|
| 700 |
1 |
|
|a Pitaevskiĭ, L. P.
|q (Lev Petrovich),
|e author.
|
| 776 |
0 |
8 |
|i Online version:
|a Berestet︠s︡kiĭ, V. B. (Vladimir Borisovich)
|s Reli︠a︡tivistskai︠a︡ kvantovai︠a︡ teorii︠a︡. English.
|t Relativistic quantum theory.
|d Oxford ; New York : Pergamon Press, [1973-79]
|w (OCoLC)760881202
|
| 800 |
1 |
|
|a Landau, L. D.
|q (Lev Davidovich),
|d 1908-1968.
|t Teoreticheskai͡a fizika.
|l English ;
|v v. 4.
|
| 948 |
|
|
|a cataloged
|b h
|c 2012/12/14
|d c
|e jolivare
|f 1:48:43 pm
|
| 994 |
|
|
|a C0
|b TXA
|
| 999 |
|
|
|a MARS
|
| 999 |
f |
f |
|s 61984753-7d94-3026-b8e2-0043cc0842e9
|i 8a5bb0a3-4f2f-345a-b98b-a2c2c2f35cb6
|t 0
|
| 952 |
f |
f |
|p normal
|a Texas A&M University
|b College Station
|c Sterling C. Evans Library
|d Evans: Library Stacks
|t 0
|e QC174.45 .B3813
|h Library of Congress classification
|i unmediated -- volume
|k pt.1
|m A14841592746
|
| 998 |
f |
f |
|a QC174.45 .B3813
|s pt. 1
|t 0
|l Evans: Library Stacks
|